[Event "LSS No Engine Cup 96 Preliminary 2"]
[Site "LSS email"]
[Date "2013.10.15"]
[Round "?"]
[White "Chester, Ian"]
[Black "Ribelles Sala, Maria Magdalena"]
[Result "1-0"]
[WhiteElo "1411"]
[BlackElo "1200"]
[PlyCount "29"]
[EventDate "2013.10.16"]
[EventType "tourn (corr)"]
[EventRounds "6"]
[EventCountry "GER"]
[SourceTitle "Corr 2015"]
[Source "ChessBase"]
[SourceDate "2015.07.17"]
[SourceVersion "1"]
[SourceVersionDate "2015.07.17"]
[SourceQuality "1"]

1. e4 c5 2. Nf3 e6 3. d4 cxd4 4. Nxd4 a6 5. Bd3 Qc7 6. 0-0 Nf6 7. Qe2 h5 8. h3 Bc5 9. Nb3 Ng4 10. hxg4 hxg4 11. e5 Nc6 12. Bf4 Bd4 13. Nxd4 Nxd4 14. Qxg4 g6 15. Nd2 1-0